000 00282nam a22001217a 4500
008 180924b xxu||||| |||| 00| 0 eng d
041 _aeng
080 _a821
100 _a21
101 _aGJL
245 _aThe Oxford Companion to English Literature
_cDrabble, M
942 _2udc
_cBK
999 _c48352
_d48352